Most Guessed Novels - Statistics

General Stats
  • This quiz has been taken 42 times
  • The average score is 14 of 20
Answer Stats
% author book % Correct
89 George Orwell Nineteen Eighty-Four
97%
68 George Orwell Animal Farm
95%
71 J.D. Salinger The Catcher in the Rye
92%
87 F. Scott Fitzgerald The Great Gatsby
89%
71 John Steinbeck The Grapes of Wrath
87%
65 James Joyce Ulysses
87%
62 Vladimir Nabokov Lolita
84%
44 William Golding Lord of the Flies
84%
55 Jack Kerouac On The Road
82%
59 Aldous Huxley Brave New World
76%
56 Joseph Heller Catch-22
74%
30 Anthony Burgess A Clockwork Orange
63%
37 Jack London The Call of the Wild
61%
51 Joseph Conrad Heart of Darkness
58%
45 Kurt Vonnegut Slaughterhouse-Five
58%
26 Virginia Woolf To The Lighthouse
55%
30 Ernest Hemingway A Farewell to Arms
50%
27 James Joyce A Portrait of the Artist as a Young Man
37%
28 Ernest Hemingway The Sun Also Rises
37%
28 William Faulkner The Sound and the Fury
32%
No matching quizzes found
Score Distribution
Percent of People with Each Score
Percentile by Number Answered
Your Score History
You have not taken this quiz